| 000 | 00836nam a2200241 a 4500 | ||
|---|---|---|---|
| 001 | 000045288 | ||
| 003 | DO-SdBNP | ||
| 005 | 20240402102106.0 | ||
| 008 | 150224s1982 dr ac 000 0 spa d | ||
| 040 |
_aDO-SdBNP _bspa _cBPHU |
||
| 082 |
_axxxx _bxxxx |
||
| 100 | 1 |
_aCassá, Roberto, _d1948- _910888 |
|
| 245 | 1 | 0 |
_aHistoria social y económica de la República Dominicana / _cRoberto Cassá. |
| 250 | _a3a ed. | ||
| 260 |
_aSanto Domingo : _bAlfa y Omega, _c1982. |
||
| 300 |
_av. : _bil., retrs. ; _c28 cm. |
||
| 500 | _aLa biblioteca posee el v.2 | ||
| 504 | _aBibliografía: p. 335-340 | ||
| 651 | 4 |
_aRepública Dominicana _xCondiciones económicas _xHistoria _91210 |
|
| 651 | 4 |
_aRepública Dominicana _xCondiciones sociales _xHistoria _91211 |
|
| 651 | 4 |
_aRepública Dominicana _xPoblación _xHistoria _91456 |
|
| 942 |
_2ddc _cLBS1 |
||
| 999 |
_c44777 _d44777 |
||